000 00475nam a2200193Ia 4500
005 20240823031745.0
008 240823s9999||||xx |||||||||||||| ||und||
020 _a81-312-0132-5
041 _aENGLISH
082 _A006.31 P6
100 _a"Banzhaf,Wolfgang et al."
245 0 _aGenetic Programming : An Introduction
250 _a1st
260 _c2006
_b"Morgan,Sanfran"
500 _aYES
650 _aGenetic
_bComputer Science
942 _cBK
999 _c191829
_d191829